Evidence for faith 101 : (Record no. 11011)
[ view plain ]
| 000 -LEADER | |
|---|---|
| fixed length control field | 00974nam a22002177a 4500 |
| 003 - CONTROL NUMBER IDENTIFIER | |
| control field | GBCCL |
| 005 - DATE AND TIME OF LATEST TRANSACTION | |
| control field | 20251111132838.0 |
| 008 - FIXED-LENGTH DATA ELEMENTS--GENERAL INFORMATION | |
| fixed length control field | 251111b |||||||| |||| 00| 0 eng d |
| 020 ## - INTERNATIONAL STANDARD BOOK NUMBER | |
| International Standard Book Number | 9780736922951 |
| 020 ## - INTERNATIONAL STANDARD BOOK NUMBER | |
| International Standard Book Number | 0736922954 |
| 040 ## - CATALOGING SOURCE | |
| Transcribing agency | GBC |
| 082 ## - DEWEY DECIMAL CLASSIFICATION NUMBER | |
| Classification number | 239 |
| Item number | BIC 1 |
| 100 ## - MAIN ENTRY--PERSONAL NAME | |
| Personal name | Bickel, Bruce |
| 245 ## - TITLE STATEMENT | |
| Title | Evidence for faith 101 : |
| Remainder of title | understanding apologetics in plain language / |
| Statement of responsibility, etc. | Bruce Bickel, Stan Jantz |
| 260 ## - PUBLICATION, DISTRIBUTION, ETC. | |
| Place of publication, distribution, etc. | Eugene, Or., |
| Name of publisher, distributor, etc. | Harvest House Publishers, |
| Date of publication, distribution, etc. | ©2008 |
| 300 ## - PHYSICAL DESCRIPTION | |
| Extent | 304 pages ; |
| Other physical details | 22 cm. |
| 490 ## - SERIES STATEMENT | |
| Series statement | Christianity 101 |
| 505 ## - FORMATTED CONTENTS NOTE | |
| Formatted contents note | Faith and apologetics. A case for faith ; A place for evidence<br/>Faith, evidence, and God. Evidence for God ; Evidence from the natural world ; Evidence for the Bible ; Evidence for Jesus<br/>Faith and doubt. Evil and suffering ; Sin and salvation ; Heaven and hell ; Church and culture<br/>A faith you can live with. A case for Christianity ; The experience of faith |
| 650 ## - SUBJECT ADDED ENTRY--TOPICAL TERM | |
| Topical term or geographic name entry element | Apologetics |
| 942 ## - ADDED ENTRY ELEMENTS (KOHA) | |
| Source of classification or shelving scheme | Dewey Decimal Classification |
| Koha item type | Books |
| Suppress in OPAC | No |
| Withdrawn status | Lost status | Source of classification or shelving scheme | Damaged status | Not for loan | Home library | Current Library | Shelving location | Date acquired | Total checkouts | Full call number | Barcode | Date last seen | Date last checked out | Copy number | Price effective from | Koha item type |
|---|---|---|---|---|---|---|---|---|---|---|---|---|---|---|---|---|
| Dewey Decimal Classification | GRACE BIBLE COLLEGE | GRACE BIBLE COLLEGE | Theology | 2025-11-11 | 1 | 239 BIC | 017203 | 2026-03-02 | 2026-02-26 | c.1 | 2025-11-11 | Books |